| 000 | 00950nam a22002297a 4500 | ||
|---|---|---|---|
| 999 |
_c8801 _d8801 |
||
| 003 | AR-CdUCM | ||
| 008 | 190326b ||||| |||| 00| 0 spa d | ||
| 020 | _a978-612-00-2688-5 | ||
| 040 |
_aMUNICIPALIDAD PROVINCIAL DEL CUSCO _cBIBLIOTECA MUNICIPAL DEL CUSCO |
||
| 082 |
_a985.033 / _bU89 |
||
| 100 |
_aUscamayta Lazo, Flavio _99287 |
||
| 245 | _aTúpac Amaru libertador símbolo universal / | ||
| 260 |
_aCusco : _bDanny's Graff, _c2017. |
||
| 300 |
_a317 páginas ; _bIlustraciones, _c22.5 cm. |
||
| 505 | _aContenido: Europa en el globo terráqueo - Virreinato y las clases sociales - Pensamiento Túpac Amarista - La revolución libertadora de Túpac Amaru - Planificación de la revolución ... | ||
| 650 |
_aHistoria _944225 |
||
| 650 |
_aLevantamientos indígenas _944226 |
||
| 650 |
_aRevolución de Túpac Amaru, 1780-1784 _95748 |
||
| 650 |
_aPerú historia de la revolución emancipadora _924537 |
||
| 942 |
_2ddc _cLIBROS |
||
| 945 | _aacv | ||